写出美国各州的首府 Capitals of the U.S. states - Statistics

General Stats
  • This quiz has been taken 39 times
  • The average score is 22 of 50
Answer Stats
州府 最大城市 % Correct
科罗拉多 丹佛 丹佛
86%
犹他 盐湖城 盐湖城
86%
夏威夷 火奴鲁鲁/檀香山 火奴鲁鲁/檀香山
83%
加利福尼亚 萨克拉门托 洛杉矶
81%
佐治亚 亚特兰大 亚特兰大
81%
阿肯色 小石城 小石城
78%
印第安纳 印第安纳波利斯 印第安纳波利斯
78%
亚利桑那 菲尼克斯 菲尼克斯
75%
马萨诸塞 波士顿 波士顿
75%
俄亥俄 哥伦布 哥伦布
69%
阿拉斯加 朱诺 安克雷奇
67%
得克萨斯 奥斯汀 休斯敦
64%
艾奥瓦 得梅因 得梅因
61%
伊利诺伊 斯普林菲尔德 芝加哥
61%
密西西比 杰克逊 杰克逊
61%
怀俄明 夏延 夏延
61%
爱达荷 博伊西 博伊西
58%
田纳西 纳什维尔 孟菲斯
58%
罗得岛 普罗维登斯 普罗维登斯
56%
路易斯安那 巴吞鲁日 新奥尔良
53%
南卡罗来纳 哥伦比亚 哥伦比亚
53%
西弗吉尼亚 查尔斯顿 查尔斯顿
53%
明尼苏达 圣保罗 明尼阿波利斯
42%
北卡罗来纳 罗利 夏洛特
42%
弗吉尼亚 里士满 弗吉尼亚海滩
42%
纽约 奥尔巴尼 纽约
39%
佛罗里达 塔拉哈西 杰克逊维尔
36%
新墨西哥 圣菲 阿尔伯克基
36%
内布拉斯加 林肯 奥马哈
33%
俄克拉何马 俄克拉何马城 俄克拉何马城
33%
华盛顿 奥林匹亚 西雅图
33%
北达科他 俾斯麦 法戈
28%
肯塔基 法兰克福 路易维尔
25%
蒙大拿 海伦娜 比林斯
25%
威斯康星 麦迪逊 密尔沃基
25%
缅因 奥古斯塔 波特兰
22%
密歇根 兰辛 底特律
22%
宾夕法尼亚 哈里斯堡 费城
22%
佛蒙特 蒙彼利埃 伯灵顿
22%
阿拉巴马 蒙哥马利 伯明翰
19%
密苏里 杰斐逊城 堪萨斯城
19%
新罕布什尔 康科德 曼彻斯特
19%
康涅狄格 哈特福德 布里奇波特
17%
特拉华 多佛 威尔明顿
17%
堪萨斯 托皮卡 威奇托
17%
马里兰 安纳波利斯 巴尔的摩
17%
内华达 卡森城 拉斯维加斯
17%
俄勒冈 塞勒姆 波特兰
17%
南达科他 皮尔 苏瀑
14%
新泽西 特伦顿 纽瓦克
11%
No matching quizzes found
Score Distribution
Percent of People with Each Score
Percentile by Number Answered
Your Score History
You have not taken this quiz